Statistics for Highest Goalscorers in the Champions League From Italy

Click here to take the quiz!

General Stats

  • This quiz has been taken 87 times
  • The average score is 12 of 24

Answer Stats

#GoalsGamesYearsMain Team(s)Answer% Correct
617572001-'03, 2004-'05, 2006-'09, 2010-'11, 2014-'16AS RomaFrancesco Totti
99%
242891995-'99, 2000-'06, 2008-'10JuventusAlessandro Del Piero
92%
146811997-'98, 2000-'01, 2002-'08, 2009-'11AC Milan, JuventusFilippo Inzaghi
88%
715311999-'02, 2003-'04LazioSimone Inzaghi
88%
139152009-'10, 2014-'16, 2020-'21Lazio, Borussia DortmundCiro Immobile
87%
911302013-'14, 2016-'20NapoliLorenzo Insigne
80%
238612001-'02, 2004-'05, 2006-'09, 2010-'11, 2014-'16, 2017-'19AS RomaDaniele De Rossi
79%
228322008-'10, 2011-'15Inter Milan, Manchester CityMario Balotelli
75%
2481081998-'99, 2002-'08, 2009-'11, 2012-'15AC Milan, JuventusAndrea Pirlo
71%
1210351996-'97, 2002-'06Inter Milan, JuventusChristian Vieri
63%
811181982-'83, 1984-'85JuventusPaolo Rossi
61%
198181991-'92, 1995-'96Sampdoria, JuventusGianluca Vialli
45%
1011392005-2010AC Milan, FiorentinaAlberto Gilardino
41%
324281959-'60, 1962-'64, 1972-'74, 1975-'76AC Milan, JuventusJosé Altafini Mazzola
32%
208201995-'96, 1999-'01Juventus, Olympique MarseilleFabrizio Ravanelli
28%
517381963-'67, 1971-'72Inter MilanSandro Mazzola
28%
188122005-'06, 2008-'10Juventus, UdineseVincenzo Iaquinta
24%
169391989-'91, 1992-'95AC MilanDaniele Massaro
21%
424461989-'91, 1992-'95, 1996-'98, 2000-'01AC Milan, AS MonacoMarco Simone
21%
218232002-2005Juventus, ValenciaMarco Di Vaio
16%
1111761993-'95, 1996-'99, 2001-'03, 2004-'05, 2006-'09AS Roma, AC MilanChristian Panucci
13%
159221996-'99, 2001-'02JuventusNicola Amoruso
13%
139151977-'79, 1981-'82, 1988-'89Juventus, AC MilanPietro Virdis
9%
178111968-1970AC MilanPierino Prati
5%

Score Distribution

Percentile by Number Answered

Percent of People with Each Score

Your Score History

You have not taken this quiz